[Event "Como Primavera op-A 2nd"]
[Site "Como"]
[Date "2006.05.31"]
[Round "7"]
[White "Ghelfi, Giancarlo"]
[Black "Fogli, Antonio"]
[Result "0-1"]
[WhiteElo "1622"]
[BlackElo "1580"]
[PlyCount "48"]
[EventDate "2006.04.21"]
[EventType "swiss"]
[EventRounds "7"]
[EventCountry "ITA"]
[SourceTitle "EXT 2024"]
[Source "ChessBase"]
[SourceDate "2023.10.10"]
[SourceVersion "1"]
[SourceVersionDate "2023.10.10"]
[SourceQuality "1"]

1. e4 e6 2. d4 d5 3. Nc3 dxe4 4. Nxe4 b6 5. Qd3 Bb7 6. Nf3 Be7 7. Be3 Nf6 8. Nxf6+ Bxf6 9. Be2 0-0 10. 0-0 Nc6 11. c3 Qd7 12. Ng5 Bxg5 13. Bxg5 Ne7 14. Rad1 Bxg2 15. Kxg2 Qd5+ 16. Bf3 Qxg5+ 17. Kh1 Rad8 18. Rg1 Qf6 19. Rg3 Nd5 20. Rdg1 g6 21. Qc4 Qf4 22. Qe2 Rfe8 23. Rg5 Qf6 24. Qe5 Qxf3+ 0-1

[Event "Como Primavera op-A 2nd"]
[Site "Como"]
[Date "2006.05.26"]
[Round "6"]
[White "Fogli, Antonio"]
[Black "Giaracuni, Claudio"]
[Result "1-0"]
[WhiteElo "1580"]
[BlackElo "1613"]
[PlyCount "75"]
[EventDate "2006.04.21"]
[EventType "swiss"]
[EventRounds "7"]
[EventCountry "ITA"]
[SourceTitle "EXT 2024"]
[Source "ChessBase"]
[SourceDate "2023.10.10"]
[SourceVersion "1"]
[SourceVersionDate "2023.10.10"]
[SourceQuality "1"]

1. Nf3 Nf6 2. g3 g6 3. b3 Bg7 4. Bg2 d5 5. Bb2 0-0 6. 0-0 Nbd7 7. d3 Re8 8. Nbd2 e5 9. Re1 b6 10. e4 dxe4 11. Nxe4 Nxe4 12. dxe4 Bb7 13. Qe2 Nc5 14. Nd2 Qf6 15. Rad1 Qc6 16. f3 Rad8 17. Nb1 Ne6 18. Nc3 Nd4 19. Qf2 b5 20. Nd5 f5 21. c3 fxe4 22. fxe4 Ne6 23. Bh3 Ng5 24. Bg2 Kh8 25. h4 Rf8 26. Qe3 Ne6 27. Kh2 Qc5 28. Qxc5 Nxc5 29. Nxc7 Rxd1 30. Rxd1 Bxe4 31. Ba3 Rf2 32. Rd8+ Bf8 33. Bxc5 Rxg2+ 34. Kh3 Re2 35. Rxf8+ Kg7 36. Ne6+ Kh6 37. g4 Bg2+ 38. Kg3 1-0

[Event "Como Primavera op-A 2nd"]
[Site "Como"]
[Date "2006.05.19"]
[Round "5"]
[White "Luppi, Dario"]
[Black "Fogli, Antonio"]
[Result "1/2-1/2"]
[WhiteElo "1733"]
[BlackElo "1580"]
[PlyCount "81"]
[EventDate "2006.04.21"]
[EventType "swiss"]
[EventRounds "7"]
[EventCountry "ITA"]
[SourceTitle "EXT 2024"]
[Source "ChessBase"]
[SourceDate "2023.10.10"]
[SourceVersion "1"]
[SourceVersionDate "2023.10.10"]
[SourceQuality "1"]

1. d4 d5 2. Bf4 e6 3. Nf3 Nf6 4. e3 b6 5. Nbd2 Bb7 6. Bd3 Bd6 7. Bg3 c5 8. c3 Nc6 9. Ne5 Qc7 10. f4 h6 11. h4 g5 12. hxg5 Bxe5 13. dxe5 Ng8 14. Qa4 0-0-0 15. Nf3 Kb8 16. Kf2 h5 17. Rh4 Nge7 18. Rah1 d4 19. exd4 cxd4 20. c4 Nf5 21. Rxh5 Rhg8 22. Rh7 Qe7 23. a3 Qf8 24. Qc2 Ne3 25. Qc1 Nf5 26. R1h3 Nce7 27. Nd2 Ne3 28. Ne4 Bxe4 29. Bxe4 N7f5 30. Bh2 d3 31. Rxe3 d2 32. Qd1 Qc5 33. Bxf5 exf5 34. Rhh3 Rd3 35. Ke2 Rxe3+ 36. Rxe3 Qxc4+ 37. Kf2 Qc1 38. Ke2 Rd8 39. b4 Qc4+ 40. Kf2 Qc1 41. Ke2 1/2-1/2

[Event "Como Primavera op-A 2nd"]
[Site "Como"]
[Date "2006.05.05"]
[Round "3"]
[White "Grassetto, Gilberto"]
[Black "Fogli, Antonio"]
[Result "1-0"]
[WhiteElo "1760"]
[BlackElo "1580"]
[PlyCount "63"]
[EventDate "2006.04.21"]
[EventType "swiss"]
[EventRounds "7"]
[EventCountry "ITA"]
[SourceTitle "EXT 2024"]
[Source "ChessBase"]
[SourceDate "2023.10.10"]
[SourceVersion "1"]
[SourceVersionDate "2023.10.10"]
[SourceQuality "1"]

1. d4 f5 2. c4 Nf6 3. Nc3 e6 4. g3 Be7 5. Bg2 0-0 6. Nh3 d5 7. cxd5 exd5 8. 0-0 c6 9. f3 h6 10. Nf2 Qb6 11. e3 Be6 12. Nd3 Nbd7 13. Qc2 g5 14. Bd2 Bd6 15. Rae1 Rae8 16. a3 Qc7 17. e4 fxe4 18. fxe4 Bxg3 19. hxg3 Qxg3 20. Re3 Qg4 21. Nf2 Qh4 22. e5 Ne4 23. Ncxe4 dxe4 24. Qxe4 Qh5 25. Qd3 Nb6 26. b3 Kg7 27. Ne4 Rxf1+ 28. Qxf1 Rf8 29. Nf6 Qg6 30. Qd3 Rxf6 31. exf6+ Qxf6 32. d5 1-0